Interventional radiology in pain treatment / (Record no. 60565)
[ view plain ]
| 000 -الفاتح | |
|---|---|
| حقل البيانات ثابتة الطول | 01552cam a22003734a 4500 |
| 005 - وقت وتاريخ اخر تعامل مع التسجيلة | |
| رقم الضبط | 20240530110416.0 |
| 008 - عناصر البيانات ثابتة الطول - معلومات عامة | |
| حقل البيانات ثابتة الطول | 060404s2007 gw a f b 001 0 eng c |
| 020 ## - الرقم الدولى المعيارى للكتب | |
| الرقم الدولى المعيارى للكتاب | 9783540248101 (alk. paper) |
| 020 ## - الرقم الدولى المعيارى للكتب | |
| الرقم الدولى المعيارى للكتاب | 3540248102 (alk. paper) |
| 035 ## - رقم ضبط النظام | |
| رقم ضبط النظام | (CStRLIN)MDNM101295057-B |
| 040 ## - مصدر الفهرسة | |
| وكالة الفهرسة الأصلية | EG-CaGPL |
| وكالة النسخ | EG-CaGPL |
| 041 1# - رمز اللغة | |
| رمز لغة النص/ المسارات الصوتية أو العنوان الانفرادي | eng |
| رمز لغة الترجمات و/او الاصلية المتوسطة للنص | fre |
| 042 ## - | |
| -- | pcc |
| 060 00 - | |
| -- | 2006 N-862 |
| 060 10 - | |
| -- | WL 704 |
| -- | R129i 2007a |
| 082 00 - رقم تصنيف ديوى العشرى | |
| رقم الطبعة | 21 |
| رقم التصنيف | 616.0757\ |
| رقم المادة | K I |
| 245 10 - بيان العنوان | |
| العنوان | Interventional radiology in pain treatment / |
| بيان المسئوليه,etc | Bruno Kastler (editor) ; Fabrice-Guy Barral, Bernard Fergane, Philippe Pereira (co-editors) ; with contributions by Hatem Boulahdour ... [et al.] ; foreword by Georges Salamon. |
| 260 ## - PUBLICATION, DISTRIBUTION, ETC. (IMPRINT) | |
| تاريخ النشر أو التوزيع | c2007. |
| 300 ## - الوصف المادى | |
| التعداد | xx, 202 p. : |
| تفاصيل ماديه اخرى للوعاء | ill. ; |
| أبعاد الوعاء | 28 cm. |
| 500 ## - تبصرة عامة | |
| تبصرة عامة | Translation from French. |
| 504 ## - تبصرة ببليوجرافية | |
| تبصرة ببليوجرافية,الخ | Includes bibliographical references and index. |
| 650 #0 - المدخل الاضافى بالموضوع-مصطلح موضوعى | |
| مصطلح موضوعي | Pain |
| التقسيم الفرعي العام | Interventional radiology. |
| 650 #0 - المدخل الاضافى بالموضوع-مصطلح موضوعى | |
| مصطلح موضوعي | Pain |
| التقسيم الفرعي العام | Imaging. |
| 650 12 - المدخل الاضافى بالموضوع-مصطلح موضوعى | |
| مصطلح موضوعي | Pain. |
| 650 22 - المدخل الاضافى بالموضوع-مصطلح موضوعى | |
| مصطلح موضوعي | Radiology, Interventional |
| التقسيم الفرعي العام | methods. |
| 700 1# - المدخل الاضافى - اسم شخصى | |
| الإسم الشخصى | Kastler, Bruno. |
| 700 1# - المدخل الاضافى - اسم شخصى | |
| الإسم الشخصى | Boulahdour, Hatem. |
| 942 ## - عناصر المدخل الإضافي( كوها) | |
| Koha [default] item type | كتاب |
| 130 0# - | |
| -- | Radiologie interventionnelle dans le traitement de la douleur. |
| -- | English. |
| 260 ## - PUBLICATION, DISTRIBUTION, ETC. (IMPRINT) | |
| -- | Berlin ; |
| -- | New York : |
| -- | Springer, |
| 856 42 - الوصول و الموقع الالكترونى | |
| مواد محددة | Contributor biographical information |
| معرف المصدر الموحد | http://www.loc.gov/catdir/enhancements/fy0824/2006925166-b.html |
| 856 42 - الوصول و الموقع الالكترونى | |
| مواد محددة | Publisher description |
| معرف المصدر الموحد | http://www.loc.gov/catdir/enhancements/fy0824/2006925166-d.html |
| 856 41 - الوصول و الموقع الالكترونى | |
| مواد محددة | Table of contents only |
| معرف المصدر الموحد | http://www.loc.gov/catdir/enhancements/fy0824/2006925166-t.html |
| حالة التراجع | حالة الفقد | مصدر التصنيف او خطة الترفيف | حالة تلف | ليس للاعارة | المكان المؤقت | الموقع الحالى | تاريخ الاكتساب | اجمالي اﻻعارات | رقم الطلب | الباركود | تاريخ اخر مشاهدة | تاريخ تفعيل السعر | نوع وعاء كوها |
|---|---|---|---|---|---|---|---|---|---|---|---|---|---|
| ddc | مكتبة القاهرة الكبرى | مكتبة القاهرة الكبرى | 03/08/2015 | 616.0757\ K I | 159661 | 03/08/2015 | 03/08/2015 | كتاب |

